000 00737nam a22002291cc4500
001 adtvweltgd20jh00075+08
003 RU-10907106
005 20230127142514.0
008 150916s1967 gw |||| 000u ger d
035 _aadtvweltgd20jh00075
040 _cRU-10907106
041 _ager
100 1 _aRuffmann, Gottfried-Karl
_919997
245 0 0 _aDtv-Weltgeschichte des 20. Jahrhunderts. Sowjetrußland : Struktur und Entfaltung einer Weltmacht
246 1 2 _aDtv-Weltgeschichte des 20. Jahrhunderts. Sowjetrußland : Struktur und Entfaltung einer Weltmacht
_n08
250 _a2. Aufl.
264 _aMünchen :
_bDTV,
_c1967
300 _a290 S.
651 0 _aSowjetunion
773 0 8 _wadtvweltgd20jh00075
_q08
942 _cMG
_2z
999 _c25866
_d25866